Normal view MARC view

Entry Personal Name

Number of records used in: 1

001 - CONTROL NUMBER

  • control field: 51841

003 - CONTROL NUMBER IDENTIFIER

  • control field: OSt

005 - DATE AND TIME OF LATEST TRANSACTION

  • control field: 20250328102518.0

008 - FIXED-LENGTH DATA ELEMENTS

  • fixed length control field: 250328|| aca||aabn | a|a d

040 ## - CATALOGING SOURCE

  • Original cataloging agency: OSt
  • Transcribing agency: OSt

100 ## - HEADING--PERSONAL NAME

  • Personal name: Indyk, Martin

670 ## - SOURCE DATA FOUND

  • Source citation: Work cat.: (OSt)525900: Indyk, Martin , The strange resurrection of the two-state solution: How an unimaginable war could bring about the only imaginable peace.

Powered by Koha